| 000 | 00552nam a2200181 i 4500 | ||
|---|---|---|---|
| 001 | 71552 | ||
| 003 | ES-MaACL | ||
| 005 | 20260114063023.0 | ||
| 007 | t| | ||
| 008 | 040812s1925 fr ||||1| fre d | ||
| 100 | 1 |
_aGentile, Giovanni, _d1875-1944 _956357 |
|
| 245 | 1 | 2 |
_aL'espirit acte pur / _cpar G. Gentile ; traduit de l'italien par A. Lion. |
| 260 |
_aParís : _bFélix Alcan, _c1925 ( _fPresses Universitaires) |
||
| 300 |
_aXV, 255 p. ; _c23 cm. |
||
| 700 | 1 |
_aLion, A. _972485 |
|
| 852 |
_aES-MaACL _jB-6550 |
||
| 999 |
_c71552 _d71552 |
||